000 00538nam a2200181Ia 4500
008 090123s9999 xx 000 0 und d
082 _b14199
_a891.463/मेहता
100 _aमेहता शशिकला
245 _aअनुराधा
250 _a1
260 _bस्मिता प्रकाशन
300 _a110
600 _aमेहता शशिकला
630 _aअनुराधा
700 _aमेहता शशिकला
730 _aअनुराधा
942 _cBOOK
999 _c52260
_d52260